000 00416nam a2200205Ia 4500
001 000820
003 YMCAF
005 20230512160035.0
008 100717s1971 ||||||||||||||||| ||und|d
024 _a820
035 _a802
040 _aYMCAF
_beng
_cIN-KoLT
041 _aeng
082 _aWOR-GAM
100 _aGAMBHIR
245 0 _aWORKSHOP TECHNOLOGY
260 _c1971
300 _a1319
942 _2ddc
_cBK
999 _c637
_d637